A birth that changed a nation : (Record no. 139934)

MARC details
000 -LEADER
fixed length control field 00614nam a22001817a 4500
005 - DATE AND TIME OF LATEST TRANSACTION
control field 20230317152815.0
010 ## - LCCN (DPL NO)
LC control number ENG-118163
020 ## - INTERNATIONAL STANDARD BOOK NUMBER
International Standard Book Number 9789386062215
Terms of availability 725.00
035 ## - SYSTEM CONTROL NUMBER
System control number EN-101695
037 ## - SOURCE OF ACQUISITION
Source of stock number/acquisition DBAD/PUB
082 ## - DEWEY DECIMAL CLASSIFICATION NUMBER
Classification number 362.404576320954
100 ## - MAIN ENTRY--PERSONAL NAME
Personal name Alur, Mithu
245 ## - TITLE STATEMENT
Title A birth that changed a nation :
Remainder of title A new model of care and inclusion /
Statement of responsibility, etc By Mithu Alur
260 ## - PUBLICATION, DISTRIBUTION, ETC. (IMPRINT)
Place of publication, distribution, etc New Delhi
Name of publisher, distributor, etc SAGE Publications India
Date of publication, distribution, etc 2017
270 ## - ADDRESS
Address B1/ I1 Mohan Cooperative Industrial Area Mathura Road, New Delhi-110044
300 ## - PHYSICAL DESCRIPTION
Extent xxx, 245p
Dimensions 24cm.(pbk)
942 ## - ADDED ENTRY ELEMENTS (KOHA)
Source of classification or shelving scheme Dewey Decimal Classification
Item type English Books
Classification part 362.404576320954
Call number suffix MIT
Holdings
Withdrawn status Lost status Not for loan Collection code Home library Current library Date acquired Source of acquisition Cost, normal purchase price Full call number Barcode Copy number Cost, replacement price Koha item type
      Non-fiction Katevara Katevara 16/05/2017 DBAD/PUB 725.00 362.404576320954 MIT EN-101695 1 725.00 English Books

© Delhi Public Library
Hit Counter
free hit counter